000
00312nam a22001337a 4500
008
181010b xxu||||| |||| 00| 0 eng d
020
_a
9780716724926
041
_a
eng
080
_a
159.9
100
_a
48
101
_a
PSI
245
_a
Readings on the Development of Children
_c
Gauvain,M
942
_2
udc
_c
BK
999
_c
49323
_d
49323